| 000 | 02233nam2a22003971 4500 | ||
|---|---|---|---|
| 001 | v19\rc\1943286 | ||
| 005 | 20251118180845.5 | ||
| 035 | _a(NLR Aleph) 005029310 | ||
| 090 |
_a6673731 _c6673731 |
||
| 100 | _a20080428d1913 u y0rusy50 ca | ||
| 101 | 1 |
_arus _cger |
|
| 102 | _aRU | ||
| 105 | _aa z ||||| | ||
| 200 | 1 |
_a[Введение в народоведение] _fЛаш Рихард |
|
| 210 | _d[1913] | ||
| 215 |
_aVIII, 200 с. _cил. |
||
| 423 | 0 |
_11011#$arus$cger _12001#$a[Америка]$fКригеберг В. _15401#$aАмерика _1700#1$aКригеберг$bВ. _t[Америка] _aКригеберг, В. |
|
| 461 | 0 |
_1001v19\rc\1943285 _12001#$aИллюстрированное народоведение при участии А. Биган (Северная Центральная и Западная Азия), В. Кригеберг (Америка), Р. Лаш (введение), проф. В. Лушан (Африка), проф. В. Фольц (Южная и Восточная Азия)$fГ. Бушан$gПер. с нем. и ред. Н. Березина. Вып. 1-$vВып. 1 _1700#1$aБушан$bГ.$f1863-1942$gГеорг _96673723 _aБушан, Г. (1863-1942) _cСанкт-Петербург _d[1913] _fГ. Бушан _n"Прометей" Н.Н. Михайлова _tИллюстрированное народоведение при участии А. Биган (Северная Центральная и Западная Азия), В. Кригеберг (Америка), Р. Лаш (введение), проф. В. Лушан (Африка), проф. В. Фольц (Южная и Восточная Азия) _vВып. 1 |
|
| 540 | 1 | _aВведение в народоведение | |
| 700 | 1 |
_aЛаш _bР. _gРихард |
|
| 801 | 0 |
_aRU _bNLR _gpsbo |
|
| 801 | 0 |
_aRU _bRuMoRGB _2psbo |
|
| 801 | 1 |
_aRU _bProSoft-M _2rusmarc |
|
| 852 |
_aNLR _j37.45.4.35 |
||
| 852 |
_aNLR _j133/3626 |
||
| 899 |
_aRuMoRGB _jW 515/140 |
||
| 899 |
_aRuMoRGB _jS 174/67 |
||
| 899 |
_aRuMoRGB _jS 12/363 |
||
| 899 |
_aRuMoRGB _jU 24/1154 |
||
| 899 |
_aRuMoRGB _jРб 36/30 |
||
| 899 | _aБАН | ||
| 899 | _aНБ СПбГУ | ||
| 899 | _aГПИБ | ||
| 899 | _aНБ МГУ | ||
| 942 | _cBOOK | ||
| 980 | _aNB | ||